[Event "Vecindario Montalvo Memorial 16th"]
[Site "Vecindario"]
[Date "2024.03.24"]
[Round "2"]
[White "Perez Bolanos, David"]
[Black "Kurajica, Bojan"]
[Result "0-1"]
[WhiteElo "2053"]
[BlackElo "2444"]
[PlyCount "60"]
[EventDate "2024.03.23"]
[EventType "swiss"]
[EventRounds "9"]
[EventCountry "ESP"]
[SourceTitle "CB15_2024"]
[SourceDate "2024.04.10"]
[SourceVersion "1"]
[SourceVersionDate "2024.04.10"]
[SourceQuality "1"]

1. d4 Nf6 2. c4 e6 3. Nc3 Bb4 4. e3 d6 5. Bd3 e5 6. Nge2 c6 7. 0-0 0-0 8. Bc2 Nbd7 9. Qd3 Re8 10. Ng3 Nf8 11. Rd1 Ng6 12. a3 Ba5 13. b4 Bc7 14. d5 cxd5 15. cxd5 a5 16. Bb2 Ng4 17. Nb5 Bb8 18. bxa5 Rxa5 19. Bc3 Ra6 20. a4 Qh4 21. h3 Nh6 22. a5 Bd7 23. Ra4 Qe7 24. Kh2 f5 25. f4 Ng4+ 26. hxg4 Qh4+ 27. Kg1 Qxg3 28. Be1 Qxg4 29. Rd2 exf4 30. Bd1 Qg5 0-1

[Event "Vecindario Montalvo Memorial 16th"]
[Site "Vecindario"]
[Date "2024.03.23"]
[Round "1"]
[White "Kurajica, Bojan"]
[Black "Basualdo de Ornelas, Jorge"]
[Result "1-0"]
[WhiteElo "2444"]
[BlackElo "1792"]
[PlyCount "71"]
[EventDate "2024.03.23"]
[EventType "swiss"]
[EventRounds "9"]
[EventCountry "ESP"]
[SourceTitle "CB15_2024"]
[SourceDate "2024.04.10"]
[SourceVersion "1"]
[SourceVersionDate "2024.04.10"]
[SourceQuality "1"]

1. Nf3 d5 2. d4 Nf6 3. c4 e6 4. g3 dxc4 5. Qa4+ Bd7 6. Qxc4 Be7 7. Bg2 Bc6 8. Nc3 0-0 9. 0-0 a6 10. Qd3 Bxf3 11. Bxf3 Nc6 12. Bxc6 bxc6 13. Qc4 Rb8 14. Rd1 Rb4 15. Qxc6 Rxd4 16. Bf4 Rxd1+ 17. Rxd1 Qb8 18. Qxc7 Qe8 19. Qa7 e5 20. Bxe5 Ng4 21. Bd4 f5 22. Nd5 Rf7 23. Qxa6 Bg5 24. h3 Nh6 25. Qc4 f4 26. gxf4 Bh4 27. Ne3 Kh8 28. Ng2 Bd8 29. Bc3 Bb6 30. Rd6 Bxf2+ 31. Kxf2 Nf5 32. Qxf7 Qc8 33. Qxf5 Qc5+ 34. Qxc5 h5 35. Qxh5+ Kg8 36. Rd8# 1-0

[Event "Las Palmas San Mateo CC op 1st"]
[Site "Las Palmas"]
[Date "2023.12.04"]
[Round "1"]
[White "Kurajica, Bojan"]
[Black "Julien Casteleiro, Ariel"]
[Result "1-0"]
[WhiteElo "2447"]
[BlackElo "1609"]
[PlyCount "53"]
[EventDate "2023.12.04"]
[EventType "swiss"]
[EventRounds "9"]
[EventCountry "ESP"]
[SourceTitle "CB50_2023"]
[SourceDate "2023.12.13"]
[SourceVersion "1"]
[SourceVersionDate "2023.12.13"]
[SourceQuality "1"]

1. d4 d5 2. c4 c6 3. Qc2 Nf6 4. Nf3 e6 5. g3 Be7 6. Bg2 Nbd7 7. 0-0 0-0 8. Nbd2 a6 9. e4 dxe4 10. Nxe4 Nxe4 11. Qxe4 Nf6 12. Qe2 Re8 13. Rd1 Qa5 14. Bd2 Qb6 15. b4 Bf8 16. Rab1 Qa7 17. Bg5 Be7 18. Ne5 Nd7 19. Bxe7 Rxe7 20. Bxc6 Nxe5 21. dxe5 Qb6 22. Ba4 Qc7 23. Qd3 g6 24. Qd8+ Kg7 25. c5 b5 26. cxb6 Qb7 27. Rbc1 1-0

[Event "San Cristobal op 5th"]
[Site "San Cristobal de La Laguna"]
[Date "2023.08.26"]
[Round "1"]
[White "Kurajica, Bojan"]
[Black "Gomez Mederos, Daniel"]
[Result "1-0"]
[WhiteElo "2474"]
[BlackElo "1653"]
[PlyCount "55"]
[EventDate "2023.08.26"]
[EventType "swiss"]
[EventRounds "9"]
[EventCountry "ESP"]
[SourceTitle "EXT 2024"]
[Source "ChessBase"]
[SourceDate "2023.10.10"]
[SourceVersion "1"]
[SourceVersionDate "2023.10.10"]
[SourceQuality "1"]

1. d4 Nf6 2. Nf3 g6 3. g3 Bg7 4. Bg2 0-0 5. 0-0 d6 6. Re1 Nc6 7. d5 Ne5 8. Nxe5 dxe5 9. c4 b6 10. Nc3 Bb7 11. b3 Ne8 12. Ba3 Nd6 13. Qc2 h5 14. Rad1 Bh6 15. c5 Nf5 16. e3 h4 17. Ne4 hxg3 18. hxg3 Bg7 19. Bb2 Rc8 20. b4 Qe8 21. c6 Ba8 22. Bh3 e6 23. b5 a6 24. a4 Qe7 25. Qb3 axb5 26. axb5 Rcd8 27. Ba3 Nd6 28. dxe6 1-0

[Event "La Palma Island op"]
[Site "Santa Cruz de La Palma"]
[Date "2023.08.07"]
[Round "4"]
[White "Ramiro Ovejero, Juan Luis"]
[Black "Kurajica, Bojan"]
[Result "1-0"]
[WhiteElo "2309"]
[BlackElo "2474"]
[PlyCount "92"]
[EventDate "2023.08.05"]
[EventType "swiss"]
[EventRounds "9"]
[EventCountry "ESP"]
[SourceTitle "CBM 215 Extra"]
[Source "ChessBase"]
[SourceDate "2023.09.30"]
[SourceVersion "1"]
[SourceVersionDate "2023.09.30"]
[SourceQuality "1"]

1. d4 Nf6 2. Nf3 b6 3. Bf4 Bb7 4. e3 g6 5. Nbd2 Bg7 6. Bd3 c5 7. c3 d6 8. 0-0 Nh5 9. Bg5 h6 10. Bh4 Nd7 11. a4 a6 12. b4 cxb4 13. cxb4 g5 14. Bg3 Ndf6 15. e4 Nxg3 16. hxg3 0-0 17. Qe2 Nd7 18. Rac1 e6 19. Nc4 Qb8 20. Bb1 Rd8 21. Rfd1 d5 22. exd5 Bxd5 23. Nce5 Qd6 24. Nxd7 Rxd7 25. Ne5 Rc7 26. Rxc7 Qxc7 27. g4 Qd6 28. Qd3 Bxe5 29. dxe5 Qxe5 30. Qh7+ Kf8 31. Qxh6+ Ke7 32. Qh2 Qxh2+ 33. Kxh2 Bb3 34. Rc1 Bxa4 35. Rc7+ Kf6 36. Rb7 b5 37. Rb6 Ke5 38. Rb7 f6 39. Rb6 Bb3 40. f3 Bd5 41. Kg3 Kd4 42. Be4 Bxe4 43. fxe4 Kc3 44. Rxe6 Kxb4 45. Rxf6 a5 46. e5 a4 1-0

[Event "Vecindario Montalvo Memorial 15th"]
[Site "Vecindario"]
[Date "2023.04.03"]
[Round "3"]
[White "Oudeh Mishmesh, Omar"]
[Black "Kurajica, Bojan"]
[Result "0-1"]
[WhiteElo "2165"]
[BlackElo "2478"]
[PlyCount "102"]
[EventDate "2023.04.02"]
[EventType "swiss"]
[EventRounds "9"]
[EventCountry "ESP"]
[SourceTitle "CBM 213 Extra"]
[Source "ChessBase"]
[SourceDate "2023.05.31"]
[SourceVersion "1"]
[SourceVersionDate "2023.05.31"]
[SourceQuality "1"]

1. e4 c5 2. Nf3 e6 3. d4 cxd4 4. Nxd4 a6 5. c4 Nf6 6. Nc3 Qc7 7. a3 Nc6 8. Be3 Be7 9. Be2 d6 10. 0-0 0-0 11. b4 Ne5 12. Rc1 Bd7 13. f4 Ng6 14. Kh1 Rac8 15. Qb3 Rfe8 16. Qb1 Qb8 17. Nb3 b6 18. Rfd1 Qb7 19. Qd3 Rc7 20. Qd4 Rb8 21. Rf1 Bc6 22. Nd2 Rcc8 23. b5 Be8 24. bxa6 Qxa6 25. c5 dxc5 26. Bxa6 cxd4 27. Bxd4 Rd8 28. Nb3 Bxa3 29. Rb1 Bb4 30. Bxf6 gxf6 31. Ne2 Ra8 32. Bb7 Ra2 33. Nbc1 Ra4 34. Ba6 b5 35. Rb3 Rd6 36. Bb7 Rb6 37. Nd3 Bf8 38. Bc8 Rxe4 39. Ng3 Rc4 40. f5 Ne7 41. Nh5 e5 42. Bb7 Kh8 43. Nb2 Rd4 44. Bf3 Nxf5 45. Be2 Bd7 46. Nc4 Ra6 47. Nb2 Rd2 48. Bxb5 Rb6 49. Bxd7 Rxb3 50. Nc4 Rxd7 51. Nxf6 Rdb7 0-1

[Event "Vecindario Montalvo Memorial 15th"]
[Site "Vecindario"]
[Date "2023.04.02"]
[Round "2"]
[White "Kurajica, Bojan"]
[Black "Camino Carrio, Nicanor"]
[Result "1-0"]
[WhiteElo "2478"]
[BlackElo "1911"]
[PlyCount "58"]
[EventDate "2023.04.02"]
[EventType "swiss"]
[EventRounds "9"]
[EventCountry "ESP"]
[SourceTitle "CBM 213 Extra"]
[Source "ChessBase"]
[SourceDate "2023.05.31"]
[SourceVersion "1"]
[SourceVersionDate "2023.05.31"]
[SourceQuality "1"]

1. Nf3 Nf6 2. g3 g6 3. b3 Bg7 4. Bb2 c5 5. c4 0-0 6. Bg2 d6 7. d4 cxd4 8. Nxd4 d5 9. cxd5 Nxd5 10. 0-0 Nc7 11. Na3 Nba6 12. Nc4 Rb8 13. Rc1 Re8 14. f4 f6 15. e4 e5 16. Nc2 Qxd1 17. Rcxd1 Bg4 18. Rd2 exf4 19. Rxf4 Be6 20. Nd6 Rf8 21. e5 fxe5 22. Rxf8+ Rxf8 23. Nxb7 Bf5 24. Ne3 Bh6 25. Re2 Bd3 26. Re1 e4 27. Ng4 Bd2 28. Bxe4 h5 29. Bxd3 Bxe1 1-0

[Event "CRO-ch"]
[Site "Split"]
[Date "2022.12.09"]
[Round "11"]
[White "Kurajica, Bojan"]
[Black "Doric, Darko"]
[Result "1/2-1/2"]
[WhiteElo "2487"]
[BlackElo "2446"]
[PlyCount "21"]
[EventDate "2022.11.29"]
[EventType "tourn"]
[EventRounds "11"]
[EventCountry "CRO"]
[EventCategory "12"]
[SourceTitle "CBM 211 Extra"]
[Source "ChessBase"]
[SourceDate "2023.01.31"]
[SourceVersion "1"]
[SourceVersionDate "2023.01.31"]
[SourceQuality "1"]

1. d4 d5 2. c4 e6 3. cxd5 exd5 4. Nc3 c6 5. Nf3 Bf5 6. g3 Bd6 7. Bg2 Nf6 8. 0-0 0-0 9. Bg5 h6 10. Bxf6 Qxf6 11. e3 1/2-1/2

[Event "CRO-ch"]
[Site "Split"]
[Date "2022.12.04"]
[Round "6"]
[White "Saric, Ivan"]
[Black "Kurajica, Bojan"]
[Result "1-0"]
[WhiteElo "2674"]
[BlackElo "2487"]
[PlyCount "45"]
[EventDate "2022.11.29"]
[EventType "tourn"]
[EventRounds "11"]
[EventCountry "CRO"]
[EventCategory "12"]
[SourceTitle "CBM 211 Extra"]
[Source "ChessBase"]
[SourceDate "2023.01.31"]
[SourceVersion "1"]
[SourceVersionDate "2023.01.31"]
[SourceQuality "1"]

1. e4 d5 2. exd5 Qxd5 3. Nc3 Qd6 4. d4 g6 5. Nf3 Bg7 6. Bg5 a6 7. Qd2 b5 8. a4 b4 9. Ne4 Qd5 10. Bd3 f5 11. Nc5 Nc6 12. c3 e5 13. Qe2 Kf8 14. Bc4 Qd6 15. 0-0 e4 16. Nd2 Nge7 17. Rae1 bxc3 18. bxc3 Ng8 19. Ba2 Nf6 20. f3 exf3 21. Rxf3 Nxd4 22. cxd4 Qxd4+ 23. Kh1 1-0

[Event "CRO-ch"]
[Site "Split"]
[Date "2022.12.03"]
[Round "5"]
[White "Kurajica, Bojan"]
[Black "Brkic, Ante"]
[Result "1/2-1/2"]
[WhiteElo "2487"]
[BlackElo "2610"]
[PlyCount "74"]
[EventDate "2022.11.29"]
[EventType "tourn"]
[EventRounds "11"]
[EventCountry "CRO"]
[EventCategory "12"]
[SourceTitle "CBM 211 Extra"]
[Source "ChessBase"]
[SourceDate "2023.01.31"]
[SourceVersion "1"]
[SourceVersionDate "2023.01.31"]
[SourceQuality "1"]

1. d4 Nf6 2. Nf3 d5 3. c4 e6 4. e3 Be7 5. Nc3 0-0 6. a3 b6 7. cxd5 exd5 8. Bd3 c5 9. 0-0 c4 10. Be2 Nc6 11. b3 cxb3 12. Qxb3 Bf5 13. Bb2 Rc8 14. Rac1 Bd6 15. Qa2 Na5 16. Ne5 Bb8 17. f4 Nc4 18. Nxc4 dxc4 19. Bxc4 Ng4 20. Rce1 Qh4 21. h3 Nf6 22. Bd5 Nxd5 23. Qxd5 Bd3 24. Rf2 Qe7 25. Qf3 Rfd8 26. Rd1 Bc4 27. e4 b5 28. e5 a5 29. Ne4 Bd5 30. Qe3 f5 31. Nc5 Ba7 32. Rc1 b4 33. Kh2 Rc6 34. Rfc2 Rdc8 35. axb4 axb4 36. Qf2 Rg6 37. Qe3 Rgc6 1/2-1/2

[Event "CRO-ch"]
[Site "Split"]
[Date "2022.11.29"]
[Round "1"]
[White "Saric, Ante"]
[Black "Kurajica, Bojan"]
[Result "1-0"]
[WhiteElo "2504"]
[BlackElo "2487"]
[PlyCount "69"]
[EventDate "2022.11.29"]
[EventType "tourn"]
[EventRounds "11"]
[EventCountry "CRO"]
[EventCategory "12"]
[SourceTitle "CBM 211 Extra"]
[Source "ChessBase"]
[SourceDate "2023.01.31"]
[SourceVersion "1"]
[SourceVersionDate "2023.01.31"]
[SourceQuality "1"]

1. d4 Nf6 2. c4 e6 3. g3 Bb4+ 4. Bd2 Bxd2+ 5. Qxd2 0-0 6. Bg2 d5 7. Nf3 b6 8. cxd5 exd5 9. Nc3 Bb7 10. 0-0 Nc6 11. Ne5 Ne7 12. Rac1 a6 13. Rc2 Ra7 14. e3 Qd6 15. b3 Rd8 16. Rfc1 Bc8 17. Ne2 Bf5 18. Rc6 Nxc6 19. Nxc6 Raa8 20. Nxd8 Rxd8 21. Qc3 Rc8 22. b4 c6 23. a4 g5 24. a5 b5 25. Qc5 Qd8 26. Qa7 Nd7 27. Qxa6 Bd3 28. Rxc6 Ra8 29. Qb7 Bxe2 30. Bxd5 Rb8 31. Qc7 Qxc7 32. Rxc7 Nf6 33. Bxf7+ Kf8 34. Be6 Ke8 35. Rf7 1-0

[Event "San Cristobal de La Laguna op 4th"]
[Site "San Cristobal de La Laguna"]
[Date "2022.08.29"]
[Round "4"]
[White "Stella, Andrea"]
[Black "Kurajica, Bojan"]
[Result "0-1"]
[WhiteElo "2448"]
[BlackElo "2497"]
[PlyCount "92"]
[EventDate "2022.08.27"]
[EventType "swiss"]
[EventRounds "9"]
[EventCountry "ESP"]
[SourceTitle "CBM 210 Extra"]
[Source "ChessBase"]
[SourceDate "2022.11.30"]
[SourceVersion "1"]
[SourceVersionDate "2022.11.30"]
[SourceQuality "1"]

1. d4 Nf6 2. c4 e6 3. g3 Bb4+ 4. Bd2 Bxd2+ 5. Qxd2 c5 6. dxc5 Qe7 7. Nc3 Qxc5 8. Rc1 0-0 9. Bg2 Nc6 10. b3 Rd8 11. Nf3 d5 12. cxd5 exd5 13. 0-0 d4 14. Ne4 Qe7 15. Nxf6+ Qxf6 16. Qg5 Qd6 17. Qc5 Be6 18. Rfd1 Bd5 19. Qxd6 Rxd6 20. Ne1 Bxg2 21. Kxg2 h6 22. Rd2 Rad8 23. Rcd1 Kf8 24. Nd3 Ne7 25. Nc5 Rd5 26. Nxb7 R8d7 27. Nc5 Rxc5 28. Rxd4 Rxd4 29. Rxd4 f5 30. Rd7 a5 31. Ra7 Nd5 32. Kf3 Nb4 33. a3 Nc6 34. Rb7 Rc3+ 35. Kf4 Ne7 36. Rb5 Kf7 37. g4 g5+ 38. Ke5 fxg4 39. Rb7 Rc5+ 40. Kd4 Rf5 41. Ke3 h5 42. b4 axb4 43. axb4 Ke6 44. Rb6+ Ke5 45. Rb5+ Nd5+ 46. Kd3 Rxf2 0-1

[Event "La Palma Island op"]
[Site "Santa Cruz de La Palma"]
[Date "2022.08.10"]
[Round "7"]
[White "Kurajica, Bojan"]
[Black "Perez Perez, Alejandro"]
[Result "1-0"]
[WhiteElo "2497"]
[BlackElo "1994"]
[PlyCount "53"]
[EventDate "2022.08.06"]
[EventType "swiss"]
[EventRounds "9"]
[EventCountry "ESP"]
[SourceTitle "CBM 209 Extra"]
[Source "ChessBase"]
[SourceDate "2022.09.30"]
[SourceVersion "1"]
[SourceVersionDate "2022.09.30"]
[SourceQuality "1"]

1. Nf3 d5 2. d4 e6 3. c4 Nf6 4. g3 Be7 5. Bg2 0-0 6. Nbd2 c5 7. dxc5 Bxc5 8. 0-0 Nc6 9. e3 dxc4 10. Nxc4 Qc7 11. b3 b5 12. Ncd2 Bb7 13. Bb2 Be7 14. Qc2 Rac8 15. Rac1 Qb6 16. Qb1 Rfd8 17. a3 Qa5 18. b4 Qb6 19. Nb3 Ba8 20. Ng5 h6 21. Bxf6 Bxf6 22. Qh7+ Kf8 23. Ne4 Be5 24. Nec5 Ne7 25. Nd7+ Rxd7 26. Qh8+ Ng8 27. Rxc8+ 1-0